Bryophyta / (Record no. 83508)

MARC details
000 -LEADER
fixed length control field 00612nam a22002057a 4500
005 - DATE AND TIME OF LATEST TRANSACTION
control field 20140703104234.0
010 ## - LCCN (DPL NO)
LC control number ENG-109709
020 ## - INTERNATIONAL STANDARD BOOK NUMBER
International Standard Book Number 9781259062872
Terms of availability 415.00
035 ## - SYSTEM CONTROL NUMBER
System control number EN-93242
037 ## - SOURCE OF ACQUISITION
Source of stock number/acquisition DBAD/PUB
082 ## - DEWEY DECIMAL CLASSIFICATION NUMBER
Classification number 588.0968
100 ## - MAIN ENTRY--PERSONAL NAME
Personal name Sharma,O.P.
245 ## - TITLE STATEMENT
Title Bryophyta /
Statement of responsibility, etc by O.P. Sharma
260 ## - PUBLICATION, DISTRIBUTION, ETC. (IMPRINT)
Place of publication, distribution, etc New Delhi
Name of publisher, distributor, etc McGraw Hill Education
Date of publication, distribution, etc 2014
270 ## - ADDRESS
Address P-24, Green Park Extension
City New Delhi
Postal code 110016
300 ## - PHYSICAL DESCRIPTION
Extent xix,396p. :
Dimensions 24cm(pbk)
Other physical details ill.
490 ## - SERIES STATEMENT
Series statement Series on diversity of microbes and cryptogams
500 ## - GENERAL NOTE
General note Includes index
942 ## - ADDED ENTRY ELEMENTS (KOHA)
Source of classification or shelving scheme Dewey Decimal Classification
Item type English Books
Call number suffix SHA
Classification part 588.0968
Holdings
Withdrawn status Lost status Not for loan Collection code Home library Current library Date acquired Source of acquisition Cost, normal purchase price Full call number Barcode Copy number Cost, replacement price Koha item type
    Not For Loan Non-fiction D.B.Act.Division D.B.Act.Division 16/04/2014 DBAD/PUB 415.00 588.0968 SHA EN-93242 1 415.00 English Books

© Delhi Public Library
Hit Counter
free hit counter